书目信息 |
| 题名: |
抵抗者
|
|
| 作者: | 何顿 著 | |
| 分册: | ||
| 出版信息: | 武汉 长江文艺出版社 2002.01 |
|
| 页数: | 363页 | |
| 开本: | 20cm | |
| 丛书名: | ||
| 单 册: | ||
| 中图分类: | I247.5 | |
| 科图分类: | ||
| 主题词: | 小说--中国 | |
| 电子资源: | ||
| ISBN: | 7-5354-2282-9 | |
| 000 | 00500nam0 2200193 450 | |
| 001 | 0757417206 | |
| 005 | 20070409155831.67 | |
| 010 | @a7-5354-2282-9@dCNY18.00 | |
| 100 | @a20070409d2002 km y0chiy0120 ea | |
| 101 | 0 | @achi |
| 102 | @aCN@b420000 | |
| 200 | 1 | @a抵抗者@Adi kang zhe@f何顿著@Fhe dun zhu |
| 210 | @a武汉@c长江文艺出版社@d2002.01 | |
| 215 | @a363页@d20cm | |
| 606 | 0 | @a小说@x中国 |
| 690 | @aI247.5@v3 | |
| 701 | 0 | @a何顿@Ahe dun@4著 |
| 801 | 0 | @aCN@c20070409 |
| 905 | @a10447@dI247.5@eH165 | |
| 抵抗者/何顿著.-武汉:长江文艺出版社,2002.01 |
| 363页;20cm |
| ISBN 7-5354-2282-9:CNY18.00 |
| ● |
| 相关链接 |
|
|
|
正题名:抵抗者
索取号:I247.5/H165
 
预约/预借
| 序号 | 登录号 | 条形码 | 馆藏地/架位号 | 状态 | 备注 |
| 1 | 449353 | 204493538 | 文学库108/108文学库 29排2列5层/ [索取号:I247.5/H165] | 在馆 | |
| 2 | 449354 | 204493547 | 社科二线422/422社科库 12排1列1层/ [索取号:I247.5/H165] | 在馆 | |
| 3 | 449355 | 204493556 | 文学库108/108文学库 29排2列5层/ [索取号:I247.5/H165] | 在馆 |